Komparácia a zhodnotenie prístupu MSP k financiám v podmienkach EÚ
Zhodnotenie prístupu MSP (malých astredných podnikov) k financiám. Podpora MSP v SR prostredníctvom Slovak Business Agency. Pomoc z úrovne EÚ. Zmena štruktúry získavania finančných prostriedkov MSP.
Salvato in:
| Autore principale: | |
|---|---|
| Natura: | Capitolo di libro |
| Lingua: | slovacco |
| Soggetti: | |
| Tags: |
Nessun Tag, puoi essere il primo ad aggiungerne!!
|
MARC
| LEADER | 00000nla a2200000 4500 | ||
|---|---|---|---|
| 001 | 0196057 | ||
| 005 | 20240502073314.0 | ||
| 041 | 0 | |a slo | |
| 044 | |a SK | ||
| 245 | 1 | 0 | |a Komparácia a zhodnotenie prístupu MSP k financiám v podmienkach EÚ |c Ľubica Lešková |
| 520 | |a Zhodnotenie prístupu MSP (malých astredných podnikov) k financiám. Podpora MSP v SR prostredníctvom Slovak Business Agency. Pomoc z úrovne EÚ. Zmena štruktúry získavania finančných prostriedkov MSP. | ||
| 610 | 2 | 0 | |a podnik malý |
| 610 | 2 | 0 | |a podnik stredný |
| 610 | 2 | 0 | |a financie podnikové |
| 610 | 2 | 0 | |a Európska únia |
| 610 | 2 | 0 | |a nástroje finančné |
| 610 | 2 | 0 | |a zdroje finančné cudzie |
| 610 | 2 | 0 | |a zdroje finančné vlastné |
| 610 | 2 | 0 | |a inovácia |
| 610 | 2 | 0 | |a podpora podnikania |
| 610 | 2 | 0 | |a Slovensko |
| 100 | 1 | |a Lešková, Ľubica, 1988- | |